dfb pokal sieger - Statistiken

Allgemein
  • Dieses Quiz wurde 95 mal gespielt
  • Das Durchschnittsergebnis liegt bei 66 aus 81
Antwortstatistiken
Hint Antwort % Korrekt
2020 bayern
100%
2019 bayern
100%
2016 bayern
100%
2014 bayern
100%
2013 bayern
100%
2010 bayern
100%
2008 bayern
100%
2006 bayern
100%
2005 bayern
100%
2003 bayern
100%
2000 bayern
100%
1998 bayern
100%
1986 bayern
100%
1984 bayern
100%
1982 bayern
100%
1971 bayern
100%
1969 bayern
100%
1967 bayern
100%
1966 bayern
100%
1957 bayern
100%
2021 dortmund
98%
2017 dortmund
98%
2012 dortmund
98%
1989 dortmund
98%
1965 dortmund
98%
2024 leverkusen
98%
1993 leverkusen
98%
1936 vfb leipzig
94%
2023 leipzig
93%
2022 leipzig
93%
2018 frankfurt
91%
1988 frankfurt
91%
1981 frankfurt
91%
1975 frankfurt
91%
1974 frankfurt
91%
1997 stuttgart
89%
1958 stuttgart
89%
1954 stuttgart
89%
1941 dresdner sc
88%
1940 dresdner sc
88%
2015 wolfsburg
88%
2009 bremen
87%
2004 bremen
87%
1999 bremen
87%
1994 bremen
87%
1991 bremen
87%
1961 bremen
87%
2011 schalke
87%
2002 schalke
87%
2001 schalke
87%
1972 schalke
87%
1937 schalke
87%
1996 kaiserslautern
80%
19990 kaiserslautern
80%
1987 hsv
77%
1976 hsv
77%
1963 hsv
77%
1983 köln
77%
1978 köln
77%
1977 köln
77%
1968 köln
77%
2007 nürnberg
77%
1962 nürnberg
77%
1939 nürnberg
77%
1935 nürnberg
77%
1995 gladbach
59%
1973 gladbach
59%
1960 gladbach
59%
1964 1860
57%
1942 1860
57%
1980 düsseldorf
55%
1979 düsseldorf
55%
1992 hannover
55%
1956 karlsruhe
41%
1955 karlsruhe
41%
1953 rw essen
41%
1959 sw essen
41%
1970 offenbach
30%
1985 uerdingen
29%
1938 rapid
20%
1943 vienna fc
5%
Keine übereinstimmenden Quizze gefunden
Verteilung der Resultate
Anzahl Personen mit jedem Resultat
Perzentil nach korrekt beantworteten Fragen
Ihre Resultats-Entwicklung
Sie haben dieses Quiz noch nicht gespielt